ბათუმის შოთა რუსთაველის სახელმწიფო უნივერსიტეტის ბიბლიოთეკა

Эллинистическая техника : (ბიბ.ჩანაწერი № 61439)

000 -LEADER
fixed length control field 00686nam a22001697a 4500
005 - DATE AND TIME OF LATEST TRANSACTION
control field 20240313155236.0
008 - FIXED-LENGTH DATA ELEMENTS--GENERAL INFORMATION
fixed length control field 240313s1948 ru ||||| |||| 00| 0 rus d
041 ## - LANGUAGE CODE
Language code of text/sound track or separate title rus
080 ## - UNIVERSAL DECIMAL CLASSIFICATION NUMBER
Universal Decimal Classification number 62(38)(091) Э-47
245 ## - TITLE STATEMENT
Title Эллинистическая техника :
Remainder of title Сборник статей /
Statement of responsibility, etc. ред. И.И. Толстой.
264 ## - PRODUCTION, PUBLICATION, DISTRIBUTION, MANUFACTURE, AND COPYRIGHT NOTICE
Place of production, publication, distribution, manufacture М.-Л.:
Name of producer, publisher, distributor, manufacturer Издательство АН СССР,
Date of production, publication, distribution, manufacture, or copyright notice 1948.
300 ## - PHYSICAL DESCRIPTION
Extent 368 с.:
Other physical details ил.;
Dimensions 23 см.
440 ## - SERIES STATEMENT/ADDED ENTRY--TITLE
Title Научно-популярная серия
9 (RLIN) 20761
653 ## - INDEX TERM--UNCONTROLLED
keyword ელინისტური ტექნიკა
700 ## - ADDED ENTRY--PERSONAL NAME
Personal name Толстой, И.И.
Relator term რედაქტორი
9 (RLIN) 21420
942 ## - ADDED ENTRY ELEMENTS (KOHA)
Source of classification or shelving scheme
Koha item type წიგნი
ეგზემპლარები
Withdrawn status Lost status Source of classification or shelving scheme Damaged status Not for loan Permanent Location Current Location Shelving location Date acquired Cost, normal purchase price Full call number Barcode Date last seen Copy number Uniform Resource Identifier Price effective from Koha item type Public note
          ბათუმის შოთა რუსთაველის სახელმწიფო უნივერსიტეტის მთავარი ბიბლიოთეკა ბათუმის შოთა რუსთაველის სახელმწიფო უნივერსიტეტის მთავარი ბიბლიოთეკა წიგნის კალათა 2024-03-13 10.00 62(38)(091) Э-47 65785 2024-03-13 65785 ბსუ-ს საპატიო დოქტორის გურამ ლორთქიფანიძის საჩუქარი 2024-03-13 წიგნი 10 ლ.